Statistiken für Torschützenkönige in der Geschichte des FC Bayern München

Klicken Sie hier um das Quiz zu spielen!

Allgemein

  • Dieses Quiz wurde 102 mal gespielt
  • Das Durchschnittsergebnis liegt bei 6 aus 10

Antwortstatistiken

ToreNationalitätSpieler% Korrekt
568DeutschlandGerd Müller
100%
344PolenRobert Lewandowski
100%
239DeutschlandThomas Müller
99%
144NiederlandeArjen Robben
83%
139BrasilienGiovane Élber
76%
217DeutschlandKarl-Heinz Rummenigge
68%
145DeutschlandDieter Hoeneß
67%
156DeutschlandRoland Wohlfarth
22%
223DeutschlandRainer Ohlhauser
4%
137DeutschlandDieter Brenninger
3%

Verteilung der Resultate

Perzentil nach korrekt beantworteten Fragen

Anzahl Personen mit jedem Resultat

Ihre Resultats-Entwicklung

Sie haben dieses Quiz noch nicht gespielt